Normal view
MARC view
Entry Personal Name
001 - CONTROL NUMBER
- control field: 28591
003 - CONTROL NUMBER IDENTIFIER
- control field: dpl
005 - DATE AND TIME OF LATEST TRANSACTION
- control field: 20110614100059.0
008 - FIXED-LENGTH DATA ELEMENTS
- fixed length control field: 110614|||a|||||| | ||| d
040 ## - CATALOGING SOURCE
- Original cataloging agency: dpl
- Transcribing agency: dpl
100 ## - HEADING--PERSONAL NAME
- Personal name: Shanmugapriya, S. P.
670 ## - SOURCE DATA FOUND
- Source citation: Work cat.: (dpl): 28493 Hariharan, S. 1956-, Soft skills /, 2010
670 ## - SOURCE DATA FOUND
- Source citation: Work cat.: (dpl): 28493 Hariharan, S. 1956-, Soft skills /, 2010
